Ptaki stwierdzone w polsce na litere C - Statystyki

Ogólne statystyki
  • Ten quiz został rozwiązany 29 razy
  • Średni wynik to 15 z 26
Statystyki odpowiedzi
Odpowiedź % Poprawnych
cyranka
81%
czajka
81%
czapla biała
81%
czapla siwa
81%
cietrzew
75%
cyraneczka
75%
czeczotka
75%
czyż
75%
czernica
69%
czubatka
69%
cierniówka
63%
czapla purpurowa
63%
czarnogłówka
63%
czapla złotawa
56%
czarnowron
56%
czajka towarzyska
50%
czapla modronosa
50%
czapla nadobna
50%
czerniczka
50%
czajka stepowa
44%
czajka szponiasta
44%
cierlik
38%
cyraneczka karolińska
38%
cyranka modroskrzydła
38%
czeczotka brązowa
38%
czeczotka tundrowa
38%
Nie znaleziono quizów pasujących do podanych kryteriów
Rozkład punktacji
Procent ludzi z każdym wynikiem
Percentyl według liczby udzielonych odpowiedzi
Twoja historia wyników
Nie rozwiązałeś tego quizu